'A'-Less States Quiz Stats

 Plays Quiz Updated Oct 3, 2017

Score 0/14 Timer 02:00
16 Plays Today
State % Correct
New York
90.3%
Ohio
84.2%
Oregon
83.3%
New Mexico
81.3%
Mississippi
81.2%
New Jersey
80.1%
Vermont
79.6%
State % Correct
Tennessee
76%
Kentucky
75.5%
Illinois
75.4%
Connecticut
70.3%
Wyoming
69.9%
Missouri
69.4%
Wisconsin
66.2%

You're not logged in!

Compare scores with friends on all Sporcle quizzes.
OR
Log In

Sporcle TV

Today on Sporcle TV


Watch our educational content, quiz creation guides, and fun videos on Sporcle TV.

Show Comments

Extras

Top Quizzes Today


Score Distribution

Your Account Isn't Verified!

In order to create a playlist on Sporcle, you need to verify the email address you used during registration. Go to your Sporcle Settings to finish the process.

Report this User

Report this user for behavior that violates our Community Guidelines.

Details: